000 01614nam a2200421 a 4500
001 ebr10017793
003 CaPaEBR
006 m u
007 cr cn|||||||||
008 011112s2000 enka sb 001 0 eng
015 _aGBA0-W9988
016 7 _a0415184541
_2Uk
020 _z0415184541(cased)
020 _z041518455X(pbk.)
040 _aCaPaEBR
_cCaPaEBR
035 _a(OCoLC)49569394
050 1 4 _aRT11
_b.H35 2000eb
082 0 4 _a610.730941
_221
100 1 _aHallam, Julia,
_d1952-
245 1 0 _aNursing the image
_h[electronic resource] :
_bmedia, culture and professional identity /
_cJulia Hallam.
260 _aLondon :
_bRoutledge,
_c2000.
300 _a240 p. :
_bill.
504 _aIncludes bibliographical references and index.
533 _aElectronic reproduction.
_bPalo Alto, Calif. :
_cebrary,
_d2013.
_nAvailable via World Wide Web.
_nAccess may be limited to ebrary affiliated libraries.
650 0 _aNurses
_zGreat Britain
_xPublic opinion.
650 0 _aNurses
_zGreat Britain
_xPsychology.
650 0 _aSex role
_zGreat Britain.
650 0 _aProfessional socialization
_zGreat Britain.
650 0 _aNursing
_xSocial aspects
_zGreat Britain.
650 0 _aFeminist theory.
650 0 _aNurses
_zGreat Britain.
650 0 _aPrejudices
_zGreat Britain.
650 0 _aSocial perception
_zGreat Britain.
650 0 _aStereotyping (Printing)
_zGreat Britain.
655 7 _aElectronic books.
_2local
710 2 _aebrary, Inc.
856 4 0 _uhttp://site.ebrary.com/lib/rucke/Doc?id=10017793
_zAn electronic book accessible through the World Wide Web; click to view
999 _c29156
_d29156